00442nam a22001337a 4500003000400000008004100004082002000045100002200065245013300087260003300220300000900253502001500262650003100277OSt260420b |||||||| |||| 00| 0 eng d a635.93328bH69S aHoda, Syed Zafrul aStudies on the Effect of Etiolation and Growth Regulator Treatments on Air-Layering of Litchi (Litchi ohinensis Sonn.) CV. Purbi aBAU, SabourbRAU, Pusac1987 a43P. bMsc.d1987 aFruit and Fruit Technology